000 00315nam a22001457a 4500
008 210310b ||||| |||| 00| 0 eng d
020 _a0132275848
041 _aeng
080 _24th
_a573
082 _a573
100 _a11
101 _aBIO
245 _aEvolutionary Analysis
_cHerron, J. C
942 _2udc
_cBK
999 _c56241
_d56241